| 000 | 00531nam a22001697a 4500 | ||
|---|---|---|---|
| 999 |
_c8461 _d8461 |
||
| 008 | 201125b ||||| |||| 00| 0 eng d | ||
| 040 | _aBMS College of Architecture | ||
| 100 | _aPonnamma, Priya | ||
| 245 | _aCoorg heritage coliseum the future of the past | ||
| 300 | _a58p. | ||
| 500 | _a1BM14AT068 | ||
| 502 |
_8B,Arch _NBMS College of Architecture, Visvesvaraya Technological University (VTU) _aProject report _d2018 |
||
| 650 | _a Heritage | ||
| 700 |
_aReshmi M K _eGuide |
||
| 700 |
_aSanthosh K _eGuide |
||
| 942 |
_2ddc _cTHE |
||